| 000 | 00434nam a22001217a 4500 | ||
|---|---|---|---|
| 082 | _a200 THE | ||
| 100 |
_aSarmad Abbas _970541 |
||
| 245 | _aTH-SOF-1088-Macula, Hemorrhages and Exudates Detection along with Illumination Equalization of Fundus Images | ||
| 260 |
_aISLAMABAD _bNUST COLLEGE OF EME _c2014 |
||
| 650 |
_aMS-COMPUTER ENGINEERING-77 MSTHESIS _969779 |
||
| 700 |
_aSUPERVISOR Dr. Muhammad Usman Akram _969721 |
||
| 942 | _cCF | ||
| 999 |
_c577510 _d577510 |
||